000 00339nam a2200133 i 4500
001 bg
100 1 _aZUBKIN, A. S.
245 0 _aČto takoe radioaktivnoe zarażenie i sposoby zaščity ot nego /
_cA.S. Zubkin.
260 _aMoskva,
_c1964.
040 _cBPK
041 _apol
942 _cKS
008 s pl f |000 0 pol
999 _c12824
_d12824
856 _uhttp://koha.tu.koszalin.pl/cgi-bin/koha/opac-detail.pl?biblionumber=12824
_yKatalog online BPK